| 000 | 00446pab a2200169 454500 | ||
|---|---|---|---|
| 008 | 180718b2002 xxu||||| |||| 00| 0 eng d | ||
| 100 | _aGhaffari, Hadi | ||
| 245 | _aEconomic determinants of rural-urban migration with special reference to Iran | ||
| 260 | _c2002 | ||
| 300 | _ap.421-33. | ||
| 362 | _aDec | ||
| 650 | _aMigration - Iran | ||
| 650 | _aMigration | ||
| 700 | _aSingh, S.P. | ||
| 773 | _aAsian Economic Review | ||
| 909 | _a55379 | ||
| 999 |
_c55379 _d55379 |
||